The homosexual matrix /

Salvato in:
Dettagli Bibliografici
Autore principale: Tripp, C. A. (Autore)
Natura: Libro
Lingua:inglese
Pubblicazione: New York [etc.] : McGraw-Hill, ©1975
Tags: Aggiungi Tag
Nessun Tag, puoi essere il primo ad aggiungerne!!

MARC

LEADER 00000nam a22000007i 4500
001 IT\ICCU\IEI\0291802
003 ItRI
005 20260115231813.0
008 090223s1975 xxu|||||| ||||| |||||c
020 |a 0070652015 
040 |b ita  |c importazione bologna sebina 
041 7 |a eng  |2 ISO-639-2 
100 1 |a Tripp, C. A.  |0 IT\ICCU\SBLV\169852  |4 aut 
245 1 4 |a The homosexual matrix /  |c C. A. Tripp. 
260 |a New York [etc.] :  |b McGraw-Hill,  |c ©1975 
300 |a IX, 314 p. ;  |c 24 cm. 
942 |2 ddc  |c BK  |n 0 
952 |0 0  |1 0  |4 0  |6 DOC_306_766000000000000_TRI  |7 0  |9 12975  |a BO  |b BO  |d 2026-01-15  |i 373  |l 0  |o DOC 306.766 TRI  |p BO373  |r 2026-01-15 23:18:13  |w 2026-01-15  |x [Sebina 5] [1 v.]  |y BK  |z 1 v. 
999 |c 11109  |d 11109